[Event "Torneo Internazionale"]
[Site "Las Palmas ESP"]
[Date "1972.05.??"]
[Round "7"]
[White "Bronstein, David I."]
[Black "Tatai, Stefano"]
[Result "1/2-1/2"]
[WhiteElo "2590"]
[BlackElo "2440"]
[PlyCount "61"]
[EventDate "1972.05.29"]

1. b4 Nf6 2. Bb2 g6 3. Nf3 Bg7 4. g3 c6 5. c4 a5 6. b5 d5 7. bxc6 bxc6 8. Na3
O-O 9. Bg2 Bg4 10. O-O Bxf3 11. Bxf3 Nbd7 12. cxd5 cxd5 13. Nb5 Rb8 14. a4 Nb6
15. Rb1 Qd7 16. Bc3 Rfc8 17. d3 Rb7 18. Bd2 Nxa4 19. Qxa4 Rcb8 20. Qf4 e5 21.
Qxe5 Ne4 22. Qf4 Nxd2 23. Qxd2 Rxb5 24. Rxb5 Rxb5 25. d4 a4 26. e3 a3 27. Kg2
Qa7 28. Ra1 Bf8 29. Qa2 Qa5 30. Rd1 Kg7 31. Rd2 1/2-1/2